[Event "BL 2223 (Women)"]
[Site "Germany"]
[Date "2023.03.12"]
[Round "8.4"]
[White "Korenova, Martina"]
[Black "Matnadze, Ana"]
[Result "0-1"]
[WhiteElo "2164"]
[BlackElo "2392"]
[PlyCount "56"]
[EventDate "2022.10.15"]
[EventType "team-tourn"]
[EventRounds "11"]
[EventCountry "GER"]
[SourceTitle "CBM 213 Extra"]
[Source "ChessBase"]
[SourceDate "2023.05.31"]
[SourceVersion "1"]
[SourceVersionDate "2023.05.31"]
[SourceQuality "1"]
[WhiteTeam "Rodewisch (W)"]
[BlackTeam "Schwaebisch Hall (W)"]
[WhiteTeamCountry "GER"]
[BlackTeamCountry "GER"]

1. e4 c6 2. d4 d5 3. exd5 cxd5 4. Bd3 Nc6 5. c3 Nf6 6. Na3 g6 7. Nf3 Bg7 8. 0-0 0-0 9. Re1 Ne8 10. Nc2 Nd6 11. Ne3 e6 12. Qc2 Bd7 13. Ng4 Rc8 14. Qe2 f6 15. h3 Nf7 16. c4 Nb4 17. c5 b6 18. Bd2 Nxd3 19. Qxd3 e5 20. dxe5 Bxg4 21. hxg4 fxe5 22. Qa6 bxc5 23. Qxa7 e4 24. Ba5 Qf6 25. Nh2 Ne5 26. Rf1 Rf7 27. Qb6 Qxb6 28. Bxb6 Nc4 0-1

[Event "BL 2223 (Women)"]
[Site "Germany"]
[Date "2022.10.16"]
[Round "2.6"]
[White "Korenova, Martina"]
[Black "Obolentseva, Alexandra"]
[Result "0-1"]
[WhiteElo "2164"]
[BlackElo "2310"]
[PlyCount "82"]
[EventDate "2022.10.15"]
[EventType "team-tourn"]
[EventRounds "11"]
[EventCountry "GER"]
[SourceTitle "EXT 2024"]
[Source "ChessBase"]
[SourceDate "2023.10.10"]
[SourceVersion "1"]
[SourceVersionDate "2023.10.10"]
[SourceQuality "1"]
[WhiteTeam "Rodewisch (W)"]
[BlackTeam "Bad Koenigshofen (W)"]
[WhiteTeamCountry "GER"]
[BlackTeamCountry "GER"]

1. Nf3 Nf6 2. g3 g6 3. Bg2 Bg7 4. 0-0 0-0 5. d4 d6 6. Re1 c5 7. c3 Na6 8. e4 Bg4 9. Nbd2 cxd4 10. cxd4 Qd7 11. Qb3 Nh5 12. e5 dxe5 13. Nxe5 Bxe5 14. Rxe5 Qxd4 15. Rd5 Qb4 16. Rb5 Qd4 17. Nf3 Qg7 18. Be3 b6 19. Bd4 Nf6 20. Ng5 Rad8 21. Rd5 Nc5 22. Qa3 h6 23. b4 Rxd5 24. Bxd5 e5 25. Bxe5 Ncd7 26. Bd4 hxg5 27. Qb2 Re8 28. Rc1 Re2 29. Qa1 Rd2 30. Bc6 Rxd4 31. Qxd4 Be6 32. Re1 Nf8 33. a4 N6d7 34. Qd2 Qf6 35. a5 g4 36. Qe2 Qc3 37. axb6 Qxc6 38. bxa7 Nb6 39. Qe3 Nfd7 40. Rc1 Qb7 41. Qd4 Qxa7 0-1

[Event "BL 1920 (Women)"]
[Site "Germany"]
[Date "2020.02.01"]
[Round "5.5"]
[White "Jelica, Mara"]
[Black "Korenova, Martina"]
[Result "1/2-1/2"]
[WhiteElo "2150"]
[BlackElo "2139"]
[PlyCount "151"]
[EventDate "2019.09.14"]
[EventType "team-tourn"]
[EventRounds "11"]
[EventCountry "GER"]
[SourceTitle "CBM 195 Extra"]
[Source "ChessBase"]
[SourceDate "2020.05.31"]
[SourceVersion "1"]
[SourceVersionDate "2020.05.31"]
[SourceQuality "1"]
[WhiteTeam "Deizisau (W)"]
[BlackTeam "Rodewisch (W)"]
[WhiteTeamCountry "GER"]
[BlackTeamCountry "GER"]

1. e4 e5 2. Nf3 Nc6 3. Bb5 a6 4. Ba4 Nf6 5. 0-0 Be7 6. Re1 b5 7. Bb3 0-0 8. d4 d6 9. c3 Bg4 10. Be3 exd4 11. cxd4 Na5 12. Bc2 Nc4 13. Bc1 c5 14. b3 Nb6 15. Bb2 Rc8 16. Nbd2 cxd4 17. Bxd4 Nfd7 18. h3 Bh5 19. Rc1 Bf6 20. g4 Bg6 21. Nf1 Re8 22. Ng3 d5 23. e5 Bg5 24. Nxg5 Qxg5 25. Bxg6 hxg6 26. Bxb6 Nxb6 27. Rxc8 Rxc8 28. Qd4 Rc1 29. Rxc1 Qxc1+ 30. Kg2 Qc6 31. Ne2 Nc8 32. Nf4 Ne7 33. Nd3 g5 34. Qc5 Kf8 35. Qa7 Ng6 36. Kf1 Nf4 37. Qc5+ Qxc5 38. Nxc5 a5 39. a4 bxa4 40. bxa4 Ke7 41. Nb7 Ke6 42. Nxa5 Kxe5 43. Nc6+ Kd6 44. Nd4 Kc5 45. Nf5 Ne6 46. Ke2 Kb4 47. Kd3 g6 48. Nd6 f6 49. Ne8 f5 50. gxf5 gxf5 51. Nd6 f4 52. Nb5 Kc5 53. Nc3 Nd4 54. a5 Nc6 55. Ne4+ dxe4+ 56. Kxe4 Ne7 57. a6 Kb6 58. Ke5 Kxa6 59. Ke6 Ng8 60. Kf5 Kb6 61. Kxg5 Kc6 62. Kxf4 Kd6 63. Kf5 Ke7 64. Kg6 Nf6 65. h4 Ke6 66. f4 Ng4 67. h5 Ke7 68. f5 Kf8 69. h6 Nxh6 70. Kxh6 Kf7 71. Kg5 Kg7 72. f6+ Kf7 73. Kf5 Kf8 74. Kg6 Kg8 75. f7+ Kf8 76. Kf6 1/2-1/2

[Event "BL 1819 (Women)"]
[Site "Germany"]
[Date "2019.01.13"]
[Round "6.6"]
[White "Korenova, Martina"]
[Black "Belenkaya, Dina"]
[Result "0-1"]
[WhiteElo "2144"]
[BlackElo "2329"]
[PlyCount "50"]
[EventDate "2018.10.27"]
[EventType "team-tourn"]
[EventRounds "11"]
[EventCountry "GER"]
[SourceTitle "CBM 188 Extra"]
[Source "ChessBase"]
[SourceDate "2019.02.26"]
[SourceVersion "1"]
[SourceVersionDate "2019.02.26"]
[SourceQuality "1"]
[WhiteTeam "Rodewisch (W)"]
[BlackTeam "Bad Koenigshofen (W)"]
[WhiteTeamCountry "GER"]
[BlackTeamCountry "GER"]

1. d4 d5 2. Nf3 Nf6 3. c4 dxc4 4. e3 e6 5. Bxc4 a6 6. a4 c5 7. 0-0 Nc6 8. Nc3 Bd6 9. dxc5 Bxc5 10. Qxd8+ Kxd8 11. Ng5 Ke7 12. Nge4 Bb4 13. Rd1 Bd7 14. Nxf6 gxf6 15. Bd2 f5 16. e4 fxe4 17. Nxe4 Bxd2 18. Nxd2 Rac8 19. b3 Rhg8 20. Bd3 f5 21. Nf3 e5 22. Bc4 Be6 23. Rac1 e4 24. Nd4 Nxd4 25. Rxd4 b5 0-1

[Event "CZE-ch blitz (Women)"]
[Site "Prague"]
[Date "2018.12.22"]
[Round "3"]
[White "Korenova, Martina"]
[Black "Richterova, Natasa"]
[Result "1/2-1/2"]
[WhiteElo "2163"]
[BlackElo "2189"]
[PlyCount "109"]
[EventDate "2018.12.22"]
[EventType "swiss (blitz)"]
[EventRounds "15"]
[EventCountry "CZE"]
[SourceTitle "CBM 187 Extra"]
[Source "ChessBase"]
[SourceDate "2018.11.04"]
[SourceVersion "1"]
[SourceVersionDate "2018.11.04"]
[SourceQuality "1"]

1. Nf3 Nf6 2. g3 d5 3. Bg2 c5 4. d3 Nc6 5. 0-0 e5 6. e4 dxe4 7. dxe4 Qxd1 8. Rxd1 Bg4 9. Re1 Be7 10. Nbd2 Nb4 11. Rf1 Nxc2 12. Rb1 Nd7 13. Nc4 Bxf3 14. Bxf3 b5 15. Ne3 Nd4 16. Bg4 Nf6 17. Bh3 0-0 18. Nd5 Nxd5 19. exd5 Rad8 20. Bg2 a5 21. Be3 Bf6 22. Bxd4 exd4 23. b3 c4 24. Rfd1 Rc8 25. bxc4 bxc4 26. Bf1 c3 27. Rbc1 c2 28. Rd3 Rfd8 29. Rd2 Rxd5 30. Rdxc2 Rxc2 31. Rxc2 Rd8 32. Bd3 g6 33. Kg2 Rb8 34. a4 Rb3 35. Bb5 Rc3 36. Rd2 Kf8 37. h3 Ke7 38. g4 h6 39. f3 Kd6 40. Kf2 Kc5 41. Kg3 g5 42. Kf2 Kb4 43. Ke2 Re3+ 44. Kf2 Kc3 45. Re2 Rxe2+ 46. Kxe2 Be5 47. Ba6 Bf4 48. Bb5 Kc2 49. Bd3+ Kb3 50. Bb5 Kc3 51. Bd3 f6 52. Bb5 Be3 53. Bd3 Bg1 54. Bb5 Be3 55. Bd3 1/2-1/2

[Event "CZE-ch blitz (Women)"]
[Site "Prague"]
[Date "2018.12.22"]
[Round "11"]
[White "Sikorova, Olga"]
[Black "Korenova, Martina"]
[Result "1-0"]
[WhiteElo "2262"]
[BlackElo "2163"]
[PlyCount "99"]
[EventDate "2018.12.22"]
[EventType "swiss (blitz)"]
[EventRounds "15"]
[EventCountry "CZE"]
[SourceTitle "CBM 187 Extra"]
[Source "ChessBase"]
[SourceDate "2018.11.04"]
[SourceVersion "1"]
[SourceVersionDate "2018.11.04"]
[SourceQuality "1"]

1. c4 g6 2. g3 Bg7 3. Bg2 d6 4. Nc3 e5 5. e4 Nc6 6. Nge2 Bg4 7. h3 Be6 8. b3 Qd7 9. d3 f5 10. Be3 Nf6 11. Qd2 Nh5 12. f3 0-0 13. g4 Nf4 14. Nxf4 exf4 15. Bf2 fxe4 16. dxe4 Be5 17. 0-0 Qg7 18. Rac1 Bd4 19. Rfd1 Bxf2+ 20. Qxf2 Ne5 21. Nb5 a6 22. Nd4 Bd7 23. Bf1 h5 24. c5 dxc5 25. Rxc5 c6 26. Nc2 Rad8 27. Ne1 Bc8 28. Rcc1 Kh8 29. Qb6 Rde8 30. Rd6 hxg4 31. hxg4 Qh7 32. Rc2 Qg7 33. Rcd2 Re7 34. Qc5 Rd7 35. Rxd7 Nxd7 36. Rh2+ Kg8 37. Bc4+ Rf7 38. Bxf7+ Kxf7 39. Qc4+ Ke7 40. Rd2 Nc5 41. Qxc5+ Kf7 42. Qd6 Qf6 43. Qc7+ Bd7 44. Rxd7+ Kg8 45. Rd2 g5 46. Nd3 Qd4+ 47. Kg2 c5 48. Rc2 b6 49. Rc4 Qxc4 50. bxc4 1-0

[Event "BL 1819 (Women)"]
[Site "Germany"]
[Date "2018.10.27"]
[Round "1.3"]
[White "Korenova, Martina"]
[Black "Wagner Michel, Annett"]
[Result "1-0"]
[WhiteElo "2144"]
[BlackElo "2120"]
[PlyCount "63"]
[EventDate "2018.10.27"]
[EventType "team-tourn"]
[EventRounds "11"]
[EventCountry "GER"]
[SourceTitle "CBM 188 Extra"]
[Source "ChessBase"]
[SourceDate "2019.02.26"]
[SourceVersion "1"]
[SourceVersionDate "2019.02.26"]
[SourceQuality "1"]
[WhiteTeam "Rodewisch (W)"]
[BlackTeam "Pankow Rotation (W)"]
[WhiteTeamCountry "GER"]
[BlackTeamCountry "GER"]

1. e4 c5 2. Nf3 e6 3. c3 d6 4. d4 cxd4 5. cxd4 Nf6 6. Nc3 Be7 7. Bd3 0-0 8. 0-0 h6 9. e5 Nd5 10. Nxd5 exd5 11. Bc2 Qc7 12. Qd3 g6 13. Bb3 Bf5 14. Qe3 g5 15. Bxd5 Nc6 16. e6 f6 17. Bd2 Qb6 18. Bb3 Bg4 19. Bc3 Na5 20. Bc2 d5 21. h3 Bxf3 22. Qxf3 f5 23. Qxd5 Nc6 24. Rad1 Qc7 25. Qf3 Bd6 26. Qh5 Qg7 27. d5 Ne5 28. Rfe1 g4 29. hxg4 Rac8 30. Bxf5 Rc4 31. Bxe5 Bxe5 32. Rxe5 1-0

[Event "CZE-ch (Women)"]
[Site "Ceske Budejovice"]
[Date "2018.06.29"]
[Round "6"]
[White "Miturova, Magdalena"]
[Black "Korenova, Martina"]
[Result "1/2-1/2"]
[WhiteElo "2217"]
[BlackElo "2168"]
[PlyCount "60"]
[EventDate "2018.06.21"]
[EventType "tourn"]
[EventRounds "9"]
[EventCountry "CZE"]
[SourceTitle "CBM 185 Extra"]
[Source "ChessBase"]
[SourceDate "2018.07.29"]
[SourceVersion "1"]
[SourceVersionDate "2018.07.29"]
[SourceQuality "1"]

1. e4 e5 2. Nf3 Nc6 3. Nc3 Nf6 4. Bb5 Bb4 5. 0-0 0-0 6. d3 d6 7. Bg5 Bxc3 8. bxc3 Qe7 9. Re1 a6 10. Ba4 b5 11. Bb3 Na5 12. a4 Nxb3 13. cxb3 Bd7 14. Qc2 h6 15. Bc1 Nh5 16. d4 Qf6 17. Qd3 Bg4 18. h3 Bxf3 19. Qxf3 Qxf3 20. gxf3 c6 21. Rd1 Rfd8 22. h4 Kf8 23. Ba3 Ke8 24. Bc1 f6 25. Be3 g5 26. Kf1 Nf4 27. Bxf4 exf4 28. Ke2 Kf7 29. Rh1 Kg6 30. h5+ Kf7 1/2-1/2

[Event "CZE-ch (Women)"]
[Site "Ceske Budejovice"]
[Date "2018.06.29"]
[Round "8"]
[White "Zpevakova, Jana"]
[Black "Korenova, Martina"]
[Result "1/2-1/2"]
[WhiteElo "2108"]
[BlackElo "2168"]
[PlyCount "52"]
[EventDate "2018.06.21"]
[EventType "tourn"]
[EventRounds "9"]
[EventCountry "CZE"]
[SourceTitle "CBM 185 Extra"]
[Source "ChessBase"]
[SourceDate "2018.07.29"]
[SourceVersion "1"]
[SourceVersionDate "2018.07.29"]
[SourceQuality "1"]

1. d4 g6 2. c4 Bg7 3. Nf3 f5 4. g3 Nf6 5. Bg2 0-0 6. 0-0 d6 7. Nc3 Nc6 8. Qc2 e5 9. dxe5 dxe5 10. Rd1 Qe7 11. Nd5 Nxd5 12. cxd5 Nd8 13. Be3 Nf7 14. Rac1 e4 15. Nd4 Rd8 16. Nb5 c6 17. Bc5 Qe5 18. Bd4 Qe7 19. Bc5 Qe5 20. Bd4 Qe7 21. Bc5 Qe5 22. Bd4 Qe7 23. Bc5 Qe5 24. Bd4 Qe7 25. Bc5 Qe5 26. Bd4 Qe7 1/2-1/2

[Event "BL 1718 (Women)"]
[Site "Germany"]
[Date "2018.02.17"]
[Round "8.5"]
[White "Korenova, Martina"]
[Black "Ambartsumova, Karina"]
[Result "0-1"]
[WhiteElo "2169"]
[BlackElo "2359"]
[PlyCount "80"]
[EventDate "2017.10.01"]
[EventType "team-tourn"]
[EventRounds "11"]
[EventCountry "GER"]
[SourceTitle "EXT 2019"]
[Source "ChessBase"]
[SourceDate "2018.10.10"]
[SourceVersion "1"]
[SourceVersionDate "2018.10.10"]
[SourceQuality "1"]
[WhiteTeam "Rodewisch (W)"]
[BlackTeam "Schwaebisch Hall (W)"]
[WhiteTeamCountry "GER"]
[BlackTeamCountry "GER"]

1. e4 c5 2. Nf3 Nc6 3. Bc4 e6 4. Qe2 d6 5. c3 Nf6 6. Bb3 Be7 7. 0-0 0-0 8. d4 d5 9. e5 Nd7 10. Bc2 Re8 11. Nbd2 cxd4 12. cxd4 Nb4 13. Bb1 b6 14. Rd1 Ba6 15. Qe3 Rc8 16. Ne1 f6 17. Bxh7+ Kxh7 18. Qh3+ Kg6 19. Qxe6 Be2 20. Ndf3 Bxd1 21. Nh4+ Kh7 22. Qf5+ Kg8 23. Qe6+ Kh8 24. Ng6+ Kh7 25. Qf5 Bg4 26. Qxg4 Nf8 27. e6 Nxe6 28. Nf3 Bf8 29. Qh5+ Kg8 30. Qh8+ Kf7 31. Qh5 Nc2 32. Nfh4 Nexd4 33. Ne5+ Ke6 34. Bf4 fxe5 35. Qxe5+ Kf7 36. Qh5+ Kg8 37. Ng6 Ne2+ 38. Kf1 Nxf4 39. Qh8+ Kf7 40. Nxf4 Qg5 0-1

[Event "BL 1617 (Women)"]
[Site "Germany"]
[Date "2017.03.26"]
[Round "8.4"]
[White "Korenova, Martina"]
[Black "Klek, Hanna Marie"]
[Result "0-1"]
[WhiteElo "2144"]
[BlackElo "2326"]
[PlyCount "98"]
[EventDate "2016.10.22"]
[EventType "team-tourn"]
[EventRounds "11"]
[EventCountry "GER"]
[SourceTitle "EXT 2018"]
[Source "ChessBase"]
[SourceDate "2017.10.13"]
[SourceVersion "1"]
[SourceVersionDate "2017.10.13"]
[SourceQuality "1"]
[WhiteTeam "Rodewisch (W)"]
[BlackTeam "Deizisau (W)"]
[WhiteTeamCountry "GER"]
[BlackTeamCountry "GER"]

1. e4 e5 2. Nf3 Nc6 3. Bc4 Bc5 4. c3 Nf6 5. d4 exd4 6. cxd4 Bb4+ 7. Nc3 Nxe4 8. 0-0 Bxc3 9. d5 Ne5 10. bxc3 Nxc4 11. Qd4 0-0 12. Qxe4 Nd6 13. Qf4 Ne8 14. Re1 a5 15. Ba3 d6 16. Nd4 Nf6 17. c4 Bd7 18. Rab1 Re8 19. h3 Rxe1+ 20. Rxe1 Qf8 21. Qd2 b6 22. f3 Re8 23. Kf2 Rxe1 24. Qxe1 Qe8 25. Qxe8+ Nxe8 26. Ke3 Kf8 27. h4 Ke7 28. g4 Bc8 29. Nc6+ Kf8 30. Kd4 Nf6 31. Na7 Ba6 32. Bc1 Nd7 33. f4 Nf6 34. g5 Nh5 35. Nc6 Ng3 36. Kd3 Nf5 37. h5 Ng3 38. g6 Bc8 39. Nd4 fxg6 40. hxg6 h5 41. Bb2 h4 42. Ne6+ Bxe6 43. dxe6 h3 44. Bxg7+ Ke7 45. Bd4 Kxe6 46. Bg1 Kf6 47. Ke3 Kxg6 48. Kf3 Nf1 49. Ke4 c6 0-1

[Event "BL 1617 (Women)"]
[Site "Germany"]
[Date "2017.03.25"]
[Round "7.5"]
[White "Korenova, Martina"]
[Black "Videnova, Iva"]
[Result "1/2-1/2"]
[WhiteElo "2144"]
[BlackElo "2370"]
[PlyCount "79"]
[EventDate "2016.10.22"]
[EventType "team-tourn"]
[EventRounds "11"]
[EventCountry "GER"]
[SourceTitle "EXT 2018"]
[Source "ChessBase"]
[SourceDate "2017.10.13"]
[SourceVersion "1"]
[SourceVersionDate "2017.10.13"]
[SourceQuality "1"]
[WhiteTeam "Rodewisch (W)"]
[BlackTeam "Schwaebisch Hall (W)"]
[WhiteTeamCountry "GER"]
[BlackTeamCountry "GER"]

1. Nf3 Nf6 2. g3 g6 3. Bg2 d5 4. d4 Bg7 5. c4 dxc4 6. Nc3 0-0 7. 0-0 c5 8. d5 Nbd7 9. e4 Ng4 10. Qe2 Nb6 11. Bf4 e6 12. Rad1 exd5 13. Nxd5 Nxd5 14. exd5 Qb6 15. Qxc4 Qxb2 16. h3 Nf6 17. Rb1 Qa3 18. Bd6 Bf5 19. Bxc5 Rfc8 20. Bxa3 Rxc4 21. Rxb7 Ra4 22. Bc5 Rxa2 23. Ng5 Nd7 24. Be3 h6 25. Ne4 Bxe4 26. Bxe4 Nf6 27. Bg2 a5 28. d6 Rd8 29. Rd1 Nd7 30. Bc6 Ne5 31. Bb5 Rb2 32. Kg2 Nc4 33. Bc1 Nxd6 34. Rxd6 Rxd6 35. Bxb2 Bxb2 36. Bc4 Rd2 37. Rxf7 Kh8 38. Rf8+ Kg7 39. Rf7+ Kh8 40. Rf8+ 1/2-1/2

[Event "BL 1617 (Women)"]
[Site "Germany"]
[Date "2017.03.05"]
[Round "6.5"]
[White "Korenova, Martina"]
[Black "Schenk, Stefanie"]
[Result "1-0"]
[WhiteElo "2144"]
[BlackElo "2080"]
[PlyCount "109"]
[EventDate "2016.10.22"]
[EventType "team-tourn"]
[EventRounds "11"]
[EventCountry "GER"]
[SourceTitle "EXT 2018"]
[Source "ChessBase"]
[SourceDate "2017.10.13"]
[SourceVersion "1"]
[SourceVersionDate "2017.10.13"]
[SourceQuality "1"]
[WhiteTeam "Rodewisch (W)"]
[BlackTeam "Bayern Muenchen (W)"]
[WhiteTeamCountry "GER"]
[BlackTeamCountry "GER"]

1. e4 c6 2. d4 d5 3. e5 Bf5 4. g4 Bd7 5. c3 e6 6. Nf3 c5 7. Bd3 Nc6 8. Qe2 Qb6 9. dxc5 Bxc5 10. 0-0 a6 11. Nbd2 Na7 12. Nb3 Bf8 13. Be3 Qc7 14. Rac1 b5 15. Bd4 Nc6 16. Nfd2 Na5 17. Nxa5 Qxa5 18. f4 Ne7 19. f5 Nc6 20. Nb3 Qd8 21. Nc5 Nxd4 22. cxd4 Bxc5 23. Rxc5 Qg5 24. Rf2 h5 25. Rg2 Qf4 26. Qf2 Qxf2+ 27. Rxf2 hxg4 28. f6 gxf6 29. Rxf6 Ke7 30. Rf4 Rag8 31. Bf1 Rh6 32. Rc7 Rgh8 33. Rc2 Rg8 34. Rg2 Rhg6 35. Rg3 a5 36. Be2 Rc8 37. Bxg4 Rc1+ 38. Rf1 Rc2 39. Rf2 Rxf2 40. Kxf2 b4 41. Bf3 Rxg3 42. Kxg3 f6 43. Kf4 Bb5 44. a3 bxa3 45. bxa3 Bd3 46. Bh5 Bc2 47. h4 Bb1 48. Ke3 Bf5 49. Kd2 fxe5 50. dxe5 d4 51. Be2 Kd7 52. h5 Bh7 53. Bd3 Bg8 54. Be4 Kc7 55. Kd3 1-0

[Event "BL 1516 (Women)"]
[Site "Germany"]
[Date "2015.12.05"]
[Round "3.4"]
[White "Savina, Anastasia"]
[Black "Korenova, Martina"]
[Result "1-0"]
[WhiteElo "2434"]
[BlackElo "2167"]
[PlyCount "97"]
[EventDate "2015.09.26"]
[EventType "team-tourn"]
[EventRounds "11"]
[EventCountry "GER"]
[SourceTitle "EXT 2017"]
[Source "ChessBase"]
[SourceDate "2016.10.25"]
[SourceVersion "1"]
[SourceVersionDate "2016.10.25"]
[SourceQuality "1"]
[WhiteTeam "Bad Koenigshofen (W)"]
[BlackTeam "Rodewisch (W)"]
[WhiteTeamCountry "GER"]
[BlackTeamCountry "GER"]

1. d4 g6 2. c4 Bg7 3. e4 d6 4. Nc3 Nf6 5. Nf3 0-0 6. h3 c6 7. Be3 a6 8. Be2 b5 9. cxb5 axb5 10. a3 Bb7 11. e5 dxe5 12. dxe5 Nd5 13. Nxd5 cxd5 14. Qd2 Nc6 15. Bh6 Qa5 16. Bxg7 Kxg7 17. b4 Nxb4 18. 0-0 Nc6 19. Qxd5 Rfd8 20. Qxb5 Qxb5 21. Bxb5 Rd5 22. Bxc6 Bxc6 23. Rfc1 Ra6 24. Rc3 Rd8 25. Ne1 Ba4 26. Nd3 Rc6 27. Nc5 Bb3 28. Rac1 Bd5 29. Rd1 e6 30. f3 Rdc8 31. Rdc1 g5 32. Kf2 Kg6 33. g4 Rb8 34. Ke3 Rb2 35. Nd3 Rxc3 36. Rxc3 Rb1 37. Kf2 Ra1 38. Nb4 Rd1 39. Rd3 Rxd3 40. Nxd3 f5 41. a4 fxg4 42. hxg4 Kf7 43. a5 Ke7 44. Nc5 Kd8 45. a6 Kc7 46. a7 Kb6 47. Nxe6 h6 48. Ng7 Kxa7 49. e6 1-0

[Event "EU-ch (Women) 16th"]
[Site "Chakvi"]
[Date "2015.05.30"]
[Round "11"]
[White "Korenova, Martina"]
[Black "Chanturia, Tamar"]
[Result "0-1"]
[WhiteElo "2241"]
[BlackElo "1688"]
[PlyCount "100"]
[EventDate "2015.05.19"]
[EventType "swiss"]
[EventRounds "11"]
[EventCountry "GEO"]
[SourceTitle "CBM 166 Extra"]
[Source "ChessBase"]
[SourceDate "2015.06.18"]
[SourceVersion "1"]
[SourceVersionDate "2015.06.18"]
[SourceQuality "1"]

1. e4 Nc6 2. d4 d5 3. e5 Bf5 4. c3 e6 5. Nf3 g6 6. Bg5 Be7 7. Bxe7 Qxe7 8. Nbd2 h5 9. Bb5 Qd7 10. Nb3 b6 11. Qe2 Be4 12. Ng5 Bxg2 13. Rg1 Be4 14. Nxe4 dxe4 15. Qxe4 Nge7 16. c4 a6 17. Ba4 Rb8 18. 0-0-0 b5 19. Nc5 Qc8 20. cxb5 axb5 21. Bb3 Na5 22. Bc2 Nc4 23. Qh4 Nb6 24. Ne4 Nbd5 25. Rde1 Qa6 26. Nf6+ Nxf6 27. exf6 Nd5 28. Bb3 Qd6 29. Kb1 c6 30. Re5 Rb7 31. f4 Qd8 32. Qg5 Kd7 33. Bxd5 cxd5 34. Rc1 Rc7 35. Ree1 Rc4 36. b3 Rxd4 37. Qg1 Qxf6 38. Red1 Rxd1 39. Qa7+ Ke8 40. Qb8+ Ke7 41. Qc7+ Kf8 42. Rxd1 Kg7 43. Rc1 d4 44. Rc5 b4 45. Rc4 Rd8 46. Qe5 Rd5 47. Qxf6+ Kxf6 48. Rxb4 Kf5 49. Rb7 Kxf4 50. Rxf7+ Ke3 0-1

[Event "BL 1415 (Women)"]
[Site "Germany"]
[Date "2015.04.18"]
[Round "10.3"]
[White "Korenova, Martina"]
[Black "Daulyte Cornette, Deimante"]
[Result "1-0"]
[WhiteElo "2237"]
[BlackElo "2365"]
[PlyCount "35"]
[EventDate "2014.09.27"]
[EventType "team-tourn"]
[EventRounds "11"]
[EventCountry "GER"]
[SourceTitle "CBM 166 Extra"]
[Source "ChessBase"]
[SourceDate "2015.06.18"]
[SourceVersion "1"]
[SourceVersionDate "2015.06.18"]
[SourceQuality "1"]
[WhiteTeam "Rodewisch (W)"]
[BlackTeam "Schwaebisch Hall (W)"]
[WhiteTeamCountry "GER"]
[BlackTeamCountry "GER"]

1. e4 e5 2. Nf3 Nc6 3. Bc4 Bc5 4. c3 Nf6 5. d4 exd4 6. cxd4 Bb4+ 7. Nc3 Nxe4 8. 0-0 Bxc3 9. d5 Bf6 10. Re1 Ne7 11. Rxe4 d6 12. Bg5 Bxg5 13. Nxg5 Bf5 14. Bb5+ Kf8 15. Qf3 f6 16. Rae1 Bxe4 17. Ne6+ Kg8 18. Qg4 1-0

[Event "BL 1415 (Women)"]
[Site "Germany"]
[Date "2014.11.29"]
[Round "3.3"]
[White "Korenova, Martina"]
[Black "Fuchs, Judith"]
[Result "0-1"]
[WhiteElo "2237"]
[BlackElo "2289"]
[PlyCount "100"]
[EventDate "2014.09.27"]
[EventType "team-tourn"]
[EventRounds "11"]
[EventCountry "GER"]
[SourceTitle "CBM 166 Extra"]
[Source "ChessBase"]
[SourceDate "2015.06.18"]
[SourceVersion "1"]
[SourceVersionDate "2015.06.18"]
[SourceQuality "1"]
[WhiteTeam "Rodewisch (W)"]
[BlackTeam "Hamburger SK (W)"]
[WhiteTeamCountry "GER"]
[BlackTeamCountry "GER"]

1. e4 c5 2. Bc4 e6 3. Qe2 Nc6 4. c3 g6 5. Nf3 Bg7 6. 0-0 Nge7 7. e5 d5 8. Bb3 0-0 9. d3 Qc7 10. Re1 b5 11. Bc2 d4 12. a4 b4 13. c4 h6 14. Nbd2 Bb7 15. Nf1 g5 16. h3 Ng6 17. h4 gxh4 18. N3h2 h3 19. f4 hxg2 20. Ng3 Qe7 21. Qg4 Qh4 22. Qxh4 Nxh4 23. Ne4 Ne7 24. Nxc5 Bc6 25. Bd1 Nef5 26. Kf2 Rac8 27. Bd2 a5 28. Bg4 Kh8 29. Bxf5 exf5 30. Nb3 Rg8 31. Nxa5 Ba8 32. Nb3 Bf8 33. Nc1 Be7 34. Ne2 Rg6 35. Nxd4 Rcg8 36. Be3 g1Q+ 37. Rxg1 Rg2+ 38. Kf1 Rxh2 39. Ne2 Bg2+ 40. Ke1 Nf3+ 41. Kd1 Nxg1 42. Bxg1 Rh1 43. Kc2 Ba8 44. d4 Rg2 45. d5 Rxe2+ 46. Kd3 Rg2 47. d6 Bd8 48. a5 Rhxg1 49. Ra4 Rd1+ 50. Ke3 Be4 0-1